000 00629nam a22001937a 4500
999 _c182544
_d182544
005 20211122112232.0
010 _aUR-11333
020 _c300.00
_a9789390789252
035 _aU-9888
037 _bDBAD/PUB
082 _a841
100 _aو ا صف ا سعد ی
245 _aميز ا ن سخن (شعر ی مجمو عہ)
_cو ا صف ا سعد ی
246 _aMeezan-e-Sukhan (Urdu)
_bby Wasif Asadi
260 _aN.Delhi
_c2021ء
_bEducational Publishing House
270 _aD1/16,Ansari Road,Darya Ganj,
_bNew Delhi
_e110002
_l -
300 _a176 ص
_c22 Cm(Hb)
942 _2ddc
_cUR
_h841
_mو ا ص